00286nam a22001097a 4500008004100000082001600041100002100057245002400078260003900102300000900141440002600150230602b xxu||||| |||| 00| 0 eng d a808.83bMUN cOngoro Wa' Munga aSunrise At Midnight aNairobi, KenyabLonghorn Kenya Ltd a357p pThe Masterpiece Seies